| 000 | 00919nam a22002777a 4500 | ||
|---|---|---|---|
| 001 | BR9502345 | ||
| 003 | BR-BrBNA | ||
| 005 | 20230928094437.0 | ||
| 007 | ta | ||
| 008 | 230509b bl.||||| |||| 00| 0 por d | ||
| 040 |
_aBR-BrBNA _bpor _cBiblioteca Nacional de Agricultura |
||
| 041 | _a(Por) | ||
| 072 |
_aF30 _b2140 |
||
| 090 | _ 2140 BR9502345 | ||
| 100 | 1 | _aFloss, P.A. | |
| 110 | 1 |
_aEscola Superior de Agricultura Luiz de Queiroz, Piracicaba, SP (Brasil) _0Tese (Mestre em Ciencias) |
|
| 245 | 1 | _aVariacoes geneticas entre populacoes naturais de Ilex paraguariensis St. Hil (erva-mate)avaliadas em Chapeco - SC e Tres Barras - SC | |
| 260 | 3 |
_aPiracicaba, SP (Brasil): _c1994. |
|
| 300 | _a94 p. | ||
| 500 | _aSummaries (Eng, Por); Bibliography p. 67-74 (51 ref.) | ||
| 650 | _aMate | ||
| 650 | _aGenetica Vegetal | ||
| 650 | _aSanta Catarina | ||
| 909 |
_a202309 _bLucia _c55 _dLucia Elande |
||
| 942 | _cBK | ||
| 999 |
_c50766 _d50766 |
||